00493nam a2200145 a 450000100100000000500170001000800410002704000250006824500510009324600500014426000420019430000200023650400730025671000180032900004218520220425123923.0131119s1975 xxu 000 0 spa d aDO-SdBNPbspacBNPHU00aVivienda :bdocumento de política sectorial.14aVivienda :bdocumento de política sectorial aWashington :bBanco Mundial :,c1975. a95 p. ;c22 cm. aIncluye referencias bibliográficas y notas al pie de las páginas2 aBanco Mundial